| 000 | 00506cam a2200181ua 4500 | ||
|---|---|---|---|
| 001 | 2976 | ||
| 008 | 110920n ii |||gr||||Z||||||asm | ||
| 040 | _cMAIN | ||
| 082 | _a920 | ||
| 100 | 1 |
_aBhattarchayya, Birendrakumar, _eEditor. |
|
| 245 | 1 | 1 |
_aKarmabir Chandra nath Sharma _ced. by Birendrakumar Bhattacharya |
| 250 | _a1st. | ||
| 260 |
_aGuahati: _bPublication board assam,983. |
||
| 300 |
_a251p: _c23cm. |
||
| 653 | _aBiography | ||
| 653 | _aBiography of Karmabir Chandra nath Sharma | ||
| 942 | _cBK | ||
| 999 |
_c2824 _d2824 |
||